Valve amplifiers / (Record no. 6058)

MARC details
000 -LEADER
fixed length control field 00758nac a22002171u 4500
010 ## - LIBRARY OF CONGRESS CONTROL NUMBER
LC control number 96106411
020 ## - INTERNATIONAL STANDARD BOOK NUMBER
International Standard Book Number 0750623373
035 ## - SYSTEM CONTROL NUMBER
System control number (OCoLC)33666417
082 00 - DEWEY DECIMAL CLASSIFICATION NUMBER
Classification number 621.381535
Item number JON
090 ## - LOCALLY ASSIGNED LC-TYPE CALL NUMBER (OCLC); LOCAL CALL NUMBER (OCLC)
-- 6058
-- 6058
100 ## - MAIN ENTRY--PERSONAL NAME
Personal name Jones, Morgan.
245 10 - TITLE STATEMENT
Title Valve amplifiers /
Statement of responsibility, etc Morgan Jones.
260 ## - PUBLICATION, DISTRIBUTION, ETC. (IMPRINT)
Place of publication, distribution, etc Oxford ;
-- Boston :
Name of publisher, distributor, etc Newnes,c.1995.
Date of publication, distribution, etc c.1995.
300 ## - PHYSICAL DESCRIPTION
Extent x, 374 p. :
Other physical details ill. ;
Dimensions 24 cm.
500 ## - GENERAL NOTE
General note Distributer: Al-Ahram.
504 ## - BIBLIOGRAPHY, ETC. NOTE
Bibliography, etc Includes bibliographical references and index.
511 ## - PARTICIPANT OR PERFORMER NOTE
Participant or performer note Catalogued By: Mahitab.
650 #0 - SUBJECT ADDED ENTRY--TOPICAL TERM
Topical term or geographic name as entry element Audio amplifiers.
650 #0 - SUBJECT ADDED ENTRY--TOPICAL TERM
Topical term or geographic name as entry element Amplifiers, Vacuum-tube.
942 ## - ADDED ENTRY ELEMENTS (KOHA)
Item type Book - Borrowing
Call number prefix 621.381535JON
Holdings
Withdrawn status Item status Damaged status Not for loan Home library Current library Shelving location Date acquired Source of acquisition Total Checkouts Total Renewals Full call number Barcode Date last seen Date last borrowed Koha item type
        Central Library Central Library First floor 07/11/2012 Purchase 1 1 621.381535JON 000007686 15/07/2025 21/12/2008 Book - Borrowing